| 000 | 00797nam a2200265Ia 4500 | ||
|---|---|---|---|
| 003 | OSt | ||
| 005 | 20220918164534.0 | ||
| 006 | a|||||r|||| 00| 0 | ||
| 007 | ta | ||
| 008 | 220917b |||||||| |||| 00| 0 eng d | ||
| 020 | _a0674678524 | ||
| 024 | _a37,644 | ||
| 037 | _cTextual | ||
| 040 |
_aARTS _cARTS _beng |
||
| 041 |
_2eng _aeng |
||
| 082 | _aO142,1M14:g, 111M2 | ||
| 100 |
_aGrabowicz George G _919411 |
||
| 245 | 0 |
_aPoet as myth maker _b a study of symbolic meaning in Taras Sevcenko |
|
| 260 |
_aCambridge _bHarvard Univ Press _c1982 |
||
| 300 |
_a170p. _ccm. |
||
| 490 | _aHarvard Ukanean research institute monogra[ph series | ||
| 650 | _aENGLISH LITERATURE | ||
| 942 |
_hO142,1M14:g, 111M2 _cTEXL _2CC |
||
| 999 |
_c125261 _d125261 |
||